00390nam a2200133Ia 4500008004100000100002100041245001600062260000900078300003300087440002400120650002100144999001900165952007200184180117s9999 xx 000 0 und d aby Jullie Y Daza aMedium Rare c2017 a18-20 pages, 2017 February 5 aPhilippine Panorama aCOLD MOUNTAINTOP c353465d353465 001040aCLbCLd2018-01-17l0r2018-01-17 00:00:00w2018-01-17ySE